Online katalóg knižníc regiónu Turca

Najdúch (Record no. 20974)

MARC details
000 -LEADER
fixed length control field 01973cam a2200541 a 4500
001 - CONTROL NUMBER
control field 20974
003 - CONTROL NUMBER IDENTIFIER
control field VRT
005 - DATE AND TIME OF LATEST TRANSACTION
control field 20260207125513.0
008 - FIXED-LENGTH DATA ELEMENTS--GENERAL INFORMATION
fixed length control field 230403s1952 xo 000 d slo
015 ## - NATIONAL BIBLIOGRAPHY NUMBER
National bibliography number SNBA19451955-013907
035 ## - SYSTEM CONTROL NUMBER
System control number SK01SNKBKSFS20010098823
035 ## - SYSTEM CONTROL NUMBER
System control number urn:nbn:sk:snk-am3hxr8
035 ## - SYSTEM CONTROL NUMBER
System control number DC7310BD-3CFA-48D7-8909-3C4474EF3223
035 ## - SYSTEM CONTROL NUMBER
System control number urn:nbn:sk:snk-am00dcrj
035 ## - SYSTEM CONTROL NUMBER
System control number SKM000101286
039 #9 - LEVEL OF BIBLIOGRAPHIC CONTROL AND CODING DETAIL [OBSOLETE]
Level of rules in bibliographic description 202310060850
Level of effort used to assign nonsubject heading access points ssvkbb03
Level of effort used to assign subject headings 202304032106
Level of effort used to assign classification VLOAD
Level of effort used to assign subject headings 202212050959
Level of effort used to assign classification VLOAD
Level of effort used to assign subject headings 202205110916
Level of effort used to assign classification VLOAD
040 ## - CATALOGING SOURCE
Original cataloging agency SNK
Language of cataloging slo
Transcribing agency SNK
Description conventions AACR2
041 0# - LANGUAGE CODE
Language code of text/sound track or separate title slo
044 ## - COUNTRY OF PUBLISHING/PRODUCING ENTITY CODE
MARC country code xo
ISO country code SK
072 #7 - SUBJECT CATEGORY CODE
Subject category code 821.162.4-2
Subject category code subdivision Slovenská dráma
Source konspekt
080 ## - UNIVERSAL DECIMAL CLASSIFICATION NUMBER
Universal Decimal Classification number 821.162.4-2
Edition identifier 2011
080 ## - UNIVERSAL DECIMAL CLASSIFICATION NUMBER
Universal Decimal Classification number (0:82-22)
Edition identifier 2011
100 1# - MAIN ENTRY--PERSONAL NAME
Personal name Záborský, Jonáš,
Dates associated with a name 1812-1876
Relationship aut
245 10 - TITLE STATEMENT
Title Najdúch
Remainder of title hra v piatich dejstvách
Statement of responsibility, etc. Jonáš Záborský ; [dramaturgicky upravil Janko Borodáč]
250 ## - EDITION STATEMENT
Edition statement 1. vyd.
260 ## - PUBLICATION, DISTRIBUTION, ETC.
Place of publication, distribution, etc. Martin
Name of publisher, distributor, etc. Matica slovenská
Date of publication, distribution, etc. 1952
Place of manufacture Martin
Manufacturer Stredoslovenské tlačiarne
300 ## - PHYSICAL DESCRIPTION
Extent 85, [2] s.
Dimensions
366 ## - TRADE AVAILABILITY INFORMATION
Note 3300 výtl.
490 1# - SERIES STATEMENT
Series statement Slovenské divadlo
Volume/sequential designation sv. 12
655 #7 - INDEX TERM--GENRE/FORM
Genre/form data or focus term slovenské drámy
Source of term SNKPH
655 #7 - INDEX TERM--GENRE/FORM
Genre/form data or focus term divadelné komédie
Source of term SNKPH
655 #7 - INDEX TERM--GENRE/FORM
Genre/form data or focus term Slovak drama
Source of term SNKPHeng
655 #7 - INDEX TERM--GENRE/FORM
Genre/form data or focus term Comedies
Source of term SNKPHeng
700 1# - ADDED ENTRY--PERSONAL NAME
Personal name Borodáč, Janko,
Dates associated with a name 1892-1964
Relationship adp
700 1# - ADDED ENTRY--PERSONAL NAME
Personal name Tvarožek, Eduard Vladimír,
Dates associated with a name 1920-1999
Relationship red
830 #0 - SERIES ADDED ENTRY--UNIFORM TITLE
Uniform title Slovenské divadlo
910 ## - USER-OPTION DATA (OCLC)
User-option data snk
942 ## - ADDED ENTRY ELEMENTS (KOHA)
Source of classification or shelving scheme Dewey Decimal Classification
Koha item type Krásna literatúra pre dospelých
Suppress in OPAC No
949 ## - LOCAL PROCESSING INFORMATION (OCLC)
6 2889053509
a savukA 2969
o Pv 19229
949 ## - LOCAL PROCESSING INFORMATION (OCLC)
6 2889024815
a savukA 2103
o Pv 16720
949 ## - LOCAL PROCESSING INFORMATION (OCLC)
6 270001000639128
a svkbbS 58943
b svkbbm 62790
949 ## - LOCAL PROCESSING INFORMATION (OCLC)
6 270001000639059
a svkbbS 58997
b svkbbm 62791
949 ## - LOCAL PROCESSING INFORMATION (OCLC)
6 2889011398
a savukM 9786
949 ## - LOCAL PROCESSING INFORMATION (OCLC)
6 17A0626769
a snkSD 6707/12 D2
b snkF 6710/63
949 ## - LOCAL PROCESSING INFORMATION (OCLC)
6 17A0626746
a snkSD 6707/12 D1
b snkF 5875/62
949 ## - LOCAL PROCESSING INFORMATION (OCLC)
6 17A0909162
a snkSD 6707/12
b snk5741/52
o snkI. 662/52 - druhé ev. číslo
s 6100:20190510
Holdings
Stav vyradenia Strata Poškodenie Spôsob nadobudnutia Domovská knižnica Aktuálna knižnica Dátum nadobudnutia Total checkouts Čiarový kód exemplára Date last seen Typ exemplára Verejná poznámka
      Dar Obecná knižnica Horná Štubňa Obecná knižnica Horná Štubňa 07.02.2026   4736201145 07.02.2026 Krásna literatúra pre dospelých divadelná hra
Projekt je podporený Slovenskou asociáciou knižníc
Prevádzkuje Turčianska knižnica Martin 2026